Giai thoại đất Quảng
Sưu tập những giai thoại được lưu truyền trong dân gian về học hành khoa cử, về tâm thế vì nước vì dân, về tài thao lược, thông minh, cương trực, về bài xích, chế giễu bọn sâu dân, mọt nước của những nhân vật nổi tiếng ở Quảng Nam, Đà Nẵng...
Na minha lista:
| Autor principal: | |
|---|---|
| Formato: | Livro |
| Idioma: | Vietnamese |
| Publicado em: |
H.
Đại học Quốc gia Hà Nội
2010
|
| Assuntos: | |
| Tags: |
Adicionar Tag
Sem tags, seja o primeiro a adicionar uma tag!
|
| Thư viện lưu trữ: | Mạng thư viện Đại học Đà Nẵng |
|---|
| LEADER | 01283aam a22003378a 4500 | ||
|---|---|---|---|
| 001 | 000007083 | ||
| 003 | 3244 | ||
| 005 | 20110926140948.0 | ||
| 008 | 110926s2010 viesd | ||
| 020 | |a 9786046200925 |d 2000b | ||
| 041 | 0 | |a vie | |
| 082 | 1 | 4 | |2 14 |a 959.75 |b GI-103T |
| 100 | 1 | |a Hoàng Hương Việt | |
| 245 | 1 | 0 | |a Giai thoại đất Quảng |c Hoàng Hương Việt |
| 260 | |a H. |b Đại học Quốc gia Hà Nội |c 2010 | ||
| 300 | |a 264tr. |c 21cm | ||
| 500 | |a ĐTTS ghi: Hội Văn nghệ Dân gian Việt Nam | ||
| 504 | |a Thư mục: tr. 257-258 | ||
| 520 | |a Sưu tập những giai thoại được lưu truyền trong dân gian về học hành khoa cử, về tâm thế vì nước vì dân, về tài thao lược, thông minh, cương trực, về bài xích, chế giễu bọn sâu dân, mọt nước của những nhân vật nổi tiếng ở Quảng Nam, Đà Nẵng | ||
| 651 | 7 | |2 Bộ TK TVQG |a Quảng Nam | |
| 651 | 7 | |2 Bộ TK TVQG |a Đà Nẵng | |
| 653 | |a Nhân vật lịch sử | ||
| 655 | 7 | |2 Bộ TK TVQG |a Giai thoại | |
| OWN | |a LSP | ||
| 999 | |a From the UDN01 | ||
| TYP | |a Monograph | ||
| TYP | |a Printed language | ||
| 980 | |a Mạng thư viện Đại học Đà Nẵng | ||


